Business laws and regulations: law on business organizations: (Record no. 9316)

MARC details
000 -LEADER
fixed length control field 00735nam a22001937a 4500
003 - CONTROL NUMBER IDENTIFIER
control field OSt
005 - DATE AND TIME OF LATEST TRANSACTION
control field 20260407052311.0
008 - FIXED-LENGTH DATA ELEMENTS--GENERAL INFORMATION
fixed length control field 260407b |||||||| |||| 00| 0 eng d
020 ## - INTERNATIONAL STANDARD BOOK NUMBER
International Standard Book Number 9786218205147
040 ## - CATALOGING SOURCE
Original cataloging agency OC
Transcribing agency DWC-Main Lib
082 ## - DEWEY DECIMAL CLASSIFICATION NUMBER
Edition number 2025 edition
Classification number Fil. 346.7 D671b 2025
100 ## - MAIN ENTRY--PERSONAL NAME
Personal name Domingo, A.
245 ## - TITLE STATEMENT
Title Business laws and regulations: law on business organizations:
Remainder of title revised corporation, partnership, cooperative law
Statement of responsibility, etc. Domingo, Andrix D.
250 ## - EDITION STATEMENT
Edition statement 2025 edition
260 ## - PUBLICATION, DISTRIBUTION, ETC.
Place of publication, distribution, etc. Itogon, Benguet:
Name of publisher, distributor, etc. Coaching For Results Publishing,
Date of publication, distribution, etc. c2025.
300 ## - PHYSICAL DESCRIPTION
Extent 883 pages;
Dimensions 23 cm.
650 ## - SUBJECT ADDED ENTRY--TOPICAL TERM
Topical term or geographic name entry element 1. Commercial law.
942 ## - ADDED ENTRY ELEMENTS (KOHA)
Source of classification or shelving scheme Dewey Decimal Classification
Koha item type Book Circulation
Edition 2025 edition
Classification part Fil. 346.7 D671b 2025
Call number prefix Circ.
Suppress in OPAC No
952 ## - LOCATION AND ITEM INFORMATION (KOHA)
--
952 ## - LOCATION AND ITEM INFORMATION (KOHA)
--
Holdings
Withdrawn status Lost status Source of classification or shelving scheme Damaged status Not for loan Home library Current library Shelving location Date acquired Source of acquisition Cost, normal purchase price Total Checkouts Full call number Barcode Date last seen Copy number Price effective from Koha item type Uniform Resource Identifier
    Dewey Decimal Classification     College Library College Library Filipiniana 03/26/2026 School Fund 888.00   Fil. 346.7 D671b 2025 CL54684 04/07/2026 c1 04/07/2026 BK-CIRC
    Dewey Decimal Classification     College Library College Library Filipiniana 03/26/2026 School Fund 888.00   Fil. 346.7 D671b 2025 CL54685 04/07/2026 c2 04/07/2026 BK-CIRC